00448 2200181 4500001002100000005001500021035002000036245004100056100001800097250001100115300002700126260003500153082001000188084001600198020002200214650001200236600001800248INLIS00000000000111820240712092619 a0010-07240001111 aResep Masakan Ndeso /cTim Ajarmasak0 aTim Ajarmasak acet. I a64 hlm ;c14 x 20,5 cm aYogyakarta :bAjarmasak,c2013 a641.3 a641.3 TIM r a978-979-911-181-4 4aMasakan04aTim Ajarmasak